Statistics for Big Bang Theory

Click here to take the quiz!

General Stats

  • This quiz has been taken 19 times
  • The average score is 9 of 13

Answer Stats

HintAnswer% Correct
I'm not crazy. My mother had me tested.Sheldon
100%
You don't have to thank me every time we have sex sweetiePenny
94%
Waddup science b*tchesHoward
88%
I've said it before and I'll say it again, Aquaman sucksRaj
81%
I'm just saying, second base is right hereAmy
75%
It's a saturnalia miracleLeonard
75%
Hope you enjoyed the prenatal cigarettes momBernadette
63%
Happy birthday dumbassLeslie
63%
I do have one oddly long testicleStuart
63%
I might have prayed a little too hardMary
56%
You and I are going to go round and round the way we did when we were little. Remember.Missy
38%
Oh dear woman can you please read another bookBeverly
31%
Game over moonpieWil
25%

Score Distribution

Percentile by Number Answered

Percent of People with Each Score

Your Score History

You have not taken this quiz